UM Logo

Clinician's guide to surgical care / (Record no. 4817)

MARC details
000 -LEADER
fixed length control field 01640cam a2200409 a 4500
001 - CONTROL NUMBER
control field 15192209
005 - DATE AND TIME OF LATEST TRANSACTION
control field 20160924144609.0
008 - FIXED-LENGTH DATA ELEMENTS--GENERAL INFORMATION
fixed length control field 080221s2008 nyua bf 001 0 eng
010 ## - LIBRARY OF CONGRESS CONTROL NUMBER
LC control number 2008008353
016 7# - NATIONAL BIBLIOGRAPHIC AGENCY CONTROL NUMBER
Record control number 101466788
Source DNLM
020 ## - INTERNATIONAL STANDARD BOOK NUMBER
International Standard Book Number 9780071478977 (pbk.)
020 ## - INTERNATIONAL STANDARD BOOK NUMBER
International Standard Book Number 0071478973 (pbk.)
035 ## - SYSTEM CONTROL NUMBER
System control number (OCoLC)ocn212399912
035 ## - SYSTEM CONTROL NUMBER
System control number (OCoLC)212399912
040 ## - CATALOGING SOURCE
Original cataloging agency DNLM/DLC
Transcribing agency DLC
Modifying agency NLM
-- BAKER
-- C#P
-- BTCTA
-- YDXCP
-- DLC
050 00 - LIBRARY OF CONGRESS CALL NUMBER
Classification number RD99.24
Item number .C55 2008
060 10 - NATIONAL LIBRARY OF MEDICINE CALL NUMBER
Classification number WO 178
Item number C641 2008
082 00 - DEWEY DECIMAL CLASSIFICATION NUMBER
Classification number DC 617.0231
Edition number 2008
Item number P95c
245 00 - TITLE STATEMENT
Title Clinician's guide to surgical care /
Statement of responsibility, etc. edited byJohn P. Pryor.
260 ## - PUBLICATION, DISTRIBUTION, ETC. (IMPRINT)
Place of publication, distribution, etc. New York:
Name of publisher, distributor, etc. McGraw-Hill,
Date of publication, distribution, etc. c2008.
300 ## - PHYSICAL DESCRIPTION
Extent xiv, 343 pages:
Other physical details illustrations;
Dimensions 23 cm.
504 ## - BIBLIOGRAPHY, ETC. NOTE
Bibliography, etc Includes bibliographical references and index.
650 #0 - SUBJECT ADDED ENTRY--TOPICAL TERM
Topical term or geographic name as entry element Surgical nursing
Form subdivision Handbooks, manuals, etc.
650 #0 - SUBJECT ADDED ENTRY--TOPICAL TERM
Topical term or geographic name as entry element Nurse practitioners
Form subdivision Handbooks, manuals, etc.
650 #0 - SUBJECT ADDED ENTRY--TOPICAL TERM
Topical term or geographic name as entry element Physicians' assistants
Form subdivision Handbooks, manuals, etc.
650 12 - SUBJECT ADDED ENTRY--TOPICAL TERM
Topical term or geographic name as entry element Perioperative Care.
650 22 - SUBJECT ADDED ENTRY--TOPICAL TERM
Topical term or geographic name as entry element Intraoperative Complications.
700 1# - ADDED ENTRY--PERSONAL NAME
Personal name Pryor, John P.
Fuller form of name (John Paul),
Dates associated with a name 1966-
700 1# - ADDED ENTRY--PERSONAL NAME
Personal name Todd, Barbara,
Dates associated with a name 1955-
700 1# - ADDED ENTRY--PERSONAL NAME
Personal name Dryer, Michael.
856 41 - ELECTRONIC LOCATION AND ACCESS
Materials specified Table of contents only
Uniform Resource Identifier <a href="http://www.loc.gov/catdir/toc/ecip0812/2008008353.html">http://www.loc.gov/catdir/toc/ecip0812/2008008353.html</a>
856 42 - ELECTRONIC LOCATION AND ACCESS
Materials specified Contributor biographical information
Uniform Resource Identifier <a href="http://www.loc.gov/catdir/enhancements/fy0814/2008008353-b.html">http://www.loc.gov/catdir/enhancements/fy0814/2008008353-b.html</a>
856 42 - ELECTRONIC LOCATION AND ACCESS
Materials specified Publisher description
Uniform Resource Identifier <a href="http://www.loc.gov/catdir/enhancements/fy0814/2008008353-d.html">http://www.loc.gov/catdir/enhancements/fy0814/2008008353-d.html</a>
906 ## - LOCAL DATA ELEMENT F, LDF (RLIN)
a 7
b cbc
c orignew
d 1
e ecip
f 20
g y-gencatlg
942 ## - ADDED ENTRY ELEMENTS (KOHA)
Source of classification or shelving scheme Dewey Decimal Classification
Koha item type Circulation
Holdings
Withdrawn status Lost status Source of classification or shelving scheme Damaged status Not for loan Collection code Home library Current library Date acquired Source of acquisition Total Checkouts Full call number Barcode Date last seen Price effective from Koha item type
    Dewey Decimal Classification     Circulation UM Digos College - LIC UM Digos College - LIC 05/30/2011 Donated   DC 617.0231 P95c 2008 21554 06/08/2021 09/24/2016 Circulation